[Event "Warsaw YMCA Autumn-B 206th"]
[Site "Warsaw"]
[Date "2018.11.15"]
[Round "8"]
[White "Szukalski, Antoni"]
[Black "Kalejta, Arkadiusz"]
[Result "1-0"]
[WhiteElo "1759"]
[BlackElo "1701"]
[PlyCount "103"]
[EventDate "2018.09.20"]
[EventType "tourn"]
[EventRounds "11"]
[EventCountry "POL"]
[SourceTitle "EXT 2021"]
[Source "ChessBase"]
[SourceDate "2020.10.23"]
[SourceVersion "1"]
[SourceVersionDate "2020.10.23"]
[SourceQuality "1"]

1. d4 d5 2. c4 c6 3. cxd5 cxd5 4. Nf3 Nf6 5. Nc3 Nc6 6. Bf4 a6 7. e3 Bf5 8. Bd3 g6 9. Bxf5 gxf5 10. Be5 e6 11. Qb3 Ra7 12. Rc1 Be7 13. Na4 Qa5+ 14. Nc3 0-0 15. 0-0 Nxe5 16. Nxe5 Ne4 17. Nxe4 fxe4 18. f3 f6 19. Ng4 exf3 20. Rxf3 b5 21. Rc6 h5 22. Qd3 Kg7 23. Nf2 Qe1+ 24. Qf1 Qxf1+ 25. Kxf1 Kf7 26. Nd3 Raa8 27. Rf2 Rfc8 28. Rfc2 Rxc6 29. Rxc6 a5 30. Nf4 e5 31. dxe5 fxe5 32. Nxd5 Bg5 33. Ke2 b4 34. b3 a4 35. Nxb4 axb3 36. axb3 Ra3 37. Rc3 Ke6 38. Nc2 Ra2 39. Kd3 Rb2 40. Rc6+ Kf5 41. b4 e4+ 42. Kc3 Rb1 43. Rc5+ Kg6 44. Kd4 Rg1 45. b5 Bd8 46. Rc8 Rxg2 47. Kxe4 Rxh2 48. Nd4 Ba5 49. Rc6+ Kf7 50. Ra6 Bd8 51. Nc6 Bf6 52. b6 1-0

[Event "Warsaw YMCA Spring-B 199th"]
[Site "Warsaw"]
[Date "2018.06.21"]
[Round "13"]
[White "Kalejta, Arkadiusz"]
[Black "Derylo, Kamil"]
[Result "0-1"]
[WhiteElo "1638"]
[BlackElo "1649"]
[PlyCount "102"]
[EventDate "2018.04.06"]
[EventType "tourn"]
[EventRounds "13"]
[EventCountry "POL"]
[SourceTitle "EXT 2021"]
[Source "ChessBase"]
[SourceDate "2020.10.23"]
[SourceVersion "1"]
[SourceVersionDate "2020.10.23"]
[SourceQuality "1"]

1. e4 e6 2. d4 d5 3. Nd2 Nf6 4. e5 Nfd7 5. Bd3 c5 6. c3 Nc6 7. Ne2 a5 8. 0-0 a4 9. f4 a3 10. b3 cxd4 11. cxd4 Nb4 12. Bb1 g6 13. Nf3 Bg7 14. Qe1 Qb6 15. Bd2 Bf8 16. Kh1 Nb8 17. Qh4 Be7 18. Qh3 Bd7 19. g4 Bb5 20. Qg2 N8c6 21. Be3 0-0-0 22. Rc1 h5 23. g5 Kb8 24. Nc3 Rd7 25. Qd2 Rc8 26. Ne1 Na5 27. Bd3 Nxd3 28. Nxd3 Bxd3 29. Qxd3 Rdc7 30. Na4 Rxc1+ 31. Rxc1 Rxc1+ 32. Bxc1 Qc6 33. Bd2 Bd8 34. Nc5 b6 35. Na6+ Ka7 36. Nb4 Qc8 37. Nc2 Be7 38. Bc1 Qc6 39. Bd2 Kb7 40. Kg2 Qd7 41. Kf3 Nc6 42. b4 Qc8 43. Ke3 Qa8 44. Qb3 Bf8 45. Nxa3 Qa6 46. Kf2 Nxd4 47. Qe3 Qa4 48. Qc3 Nc6 49. b5 Bc5+ 50. Kg3 Nd4 51. Kg2 Qxa3 0-1

[Event "Warsaw YMCA Spring-B 199th"]
[Site "Warsaw"]
[Date "2018.06.06"]
[Round "12"]
[White "Safanowski, Tomasz"]
[Black "Kalejta, Arkadiusz"]
[Result "1/2-1/2"]
[WhiteElo "1833"]
[BlackElo "1638"]
[PlyCount "82"]
[EventDate "2018.04.06"]
[EventType "tourn"]
[EventRounds "13"]
[EventCountry "POL"]
[SourceTitle "EXT 2021"]
[Source "ChessBase"]
[SourceDate "2020.10.23"]
[SourceVersion "1"]
[SourceVersionDate "2020.10.23"]
[SourceQuality "1"]

1. d4 d5 2. Nf3 Nf6 3. e3 c5 4. Bb5+ Bd7 5. a4 e6 6. Ne5 Nc6 7. Nxd7 Qxd7 8. Nc3 a6 9. Be2 Bd6 10. 0-0 0-0 11. Bf3 Qc7 12. g3 Rac8 13. Ne2 h5 14. dxc5 Bxc5 15. Nd4 h4 16. Nxc6 Qxc6 17. c4 hxg3 18. hxg3 Ne4 19. cxd5 exd5 20. b3 Qf6 21. Ra2 Nc3 22. Bb2 Nxd1 23. Bxf6 Nxe3 24. fxe3 Bxe3+ 25. Kg2 gxf6 26. Bxd5 Kg7 27. Re2 Rc3 28. Rf3 Bd4 29. Rf4 Re3 30. Rg4+ Kh6 31. Rd2 Bc3 32. Rc2 f5 33. Rh4+ Kg5 34. Kf2 Rd3 35. Bxb7 a5 36. Ba6 Rd2+ 37. Rxd2 Bxd2 38. Bc4 f4 39. Kf3 fxg3 40. Rg4+ Kf5 41. Kxg3 Ke5 1/2-1/2

[Event "Warsaw YMCA Spring-B 199th"]
[Site "Warsaw"]
[Date "2018.05.10"]
[Round "6"]
[White "Mazurek, Jerzy"]
[Black "Kalejta, Arkadiusz"]
[Result "1/2-1/2"]
[WhiteElo "1595"]
[BlackElo "1638"]
[PlyCount "74"]
[EventDate "2018.04.06"]
[EventType "tourn"]
[EventRounds "13"]
[EventCountry "POL"]
[SourceTitle "EXT 2021"]
[Source "ChessBase"]
[SourceDate "2020.10.23"]
[SourceVersion "1"]
[SourceVersionDate "2020.10.23"]
[SourceQuality "1"]

1. d4 d5 2. c4 e6 3. Nf3 c6 4. e3 Nf6 5. Nc3 Nbd7 6. Bd3 dxc4 7. Bxc4 b5 8. Be2 Bb7 9. 0-0 a6 10. e4 c5 11. e5 Nd5 12. a4 b4 13. Ne4 Ne3 14. Bxe3 Bxe4 15. Ng5 Bg6 16. Bh5 cxd4 17. Bxg6 hxg6 18. Qxd4 Be7 19. Ne4 Qc7 20. Nd6+ Bxd6 21. exd6 Qa5 22. Qxg7 Qh5 23. h3 Qe5 24. Qxe5 Nxe5 25. Bd4 Rh5 26. g4 Nf3+ 27. Kg2 Rd5 28. Bf6 Nd2 29. Rfd1 Kd7 30. Be7 Nc4 31. Rxd5 exd5 32. b3 Nxd6 33. Bxd6 Kxd6 34. Rc1 Re8 35. Kf3 Rh8 36. Kg3 Re8 37. Kf3 Rh8 1/2-1/2

[Event "Warsaw YMCA Autumn-B 191st"]
[Site "Warsaw"]
[Date "2017.11.16"]
[Round "9"]
[White "Szukalski, Antoni"]
[Black "Kalejta, Arkadiusz"]
[Result "1-0"]
[WhiteElo "1769"]
[BlackElo "1634"]
[PlyCount "89"]
[EventDate "2017.09.19"]
[EventType "tourn"]
[EventRounds "13"]
[EventCountry "POL"]
[SourceTitle "EXT 2019"]
[Source "ChessBase"]
[SourceDate "2018.10.10"]
[SourceVersion "1"]
[SourceVersionDate "2018.10.10"]
[SourceQuality "1"]

1. d4 d5 2. c4 e6 3. Nc3 c6 4. e3 Nf6 5. Nf3 Nbd7 6. Bd3 dxc4 7. Bxc4 b5 8. Bd3 Bb7 9. 0-0 a6 10. e4 c5 11. a3 cxd4 12. Ne2 e5 13. Ng3 g6 14. Bd2 h6 15. b4 Bg7 16. Qb3 0-0 17. Rac1 Qb6 18. Nh4 Rac8 19. Nxg6 Rfe8 20. Rxc8 Bxc8 21. Nf5 Bb7 22. Nfe7+ Rxe7 23. Nxe7+ Kf8 24. Nf5 Nxe4 25. Bxe4 Bxe4 26. Nxg7 Kxg7 27. Qg3+ Kh7 28. Rc1 Qg6 29. f3 Bd5 30. Qxg6+ Kxg6 31. Rc7 Nb6 32. Ra7 f6 33. Kf2 Nc4 34. Bc1 Kf5 35. Rxa6 h5 36. h3 e4 37. g4+ hxg4 38. hxg4+ Kg6 39. fxe4 Bxe4 40. g5 d3 41. Rxf6+ Kg7 42. Rf4 Bg6 43. Rd4 Kf7 44. a4 Nb6 45. a5 1-0

[Event "Warsaw YMCA Autumn-B 191st"]
[Site "Warsaw"]
[Date "2017.11.07"]
[Round "8"]
[White "Kalejta, Arkadiusz"]
[Black "Mazurek, Jerzy"]
[Result "1-0"]
[WhiteElo "1634"]
[BlackElo "1600"]
[PlyCount "57"]
[EventDate "2017.09.19"]
[EventType "tourn"]
[EventRounds "13"]
[EventCountry "POL"]
[SourceTitle "EXT 2019"]
[Source "ChessBase"]
[SourceDate "2018.10.10"]
[SourceVersion "1"]
[SourceVersionDate "2018.10.10"]
[SourceQuality "1"]

1. e4 e5 2. Nf3 Nc6 3. Bb5 a6 4. Ba4 Nf6 5. 0-0 Nxe4 6. d4 b5 7. Bb3 d5 8. dxe5 Be6 9. c3 Be7 10. Be3 0-0 11. Nbd2 Nxd2 12. Qxd2 Na5 13. Bc2 Nc4 14. Qe2 Nxb2 15. Nd4 Nc4 16. Nxe6 fxe6 17. Qh5 g6 18. Bxg6 hxg6 19. Qxg6+ Kh8 20. Qh5+ Kg8 21. Bh6 Nxe5 22. Bxf8 Bxf8 23. Qxe5 Qd7 24. Rae1 Re8 25. Re3 Bg7 26. Rg3 Kf8 27. Qf4+ Kg8 28. Re1 e5 29. Rxe5 1-0